| 000 | 01058nam a2200241Ia 4500 | ||
|---|---|---|---|
| 999 |
_c4737 _d4737 |
||
| 003 | OSt | ||
| 005 | 20200527131556.0 | ||
| 008 | 191128s1998 ck ad gr 000 0dspa d | ||
| 020 | _a9586163350 | ||
| 040 |
_aCO-JMCR _cCO-JMCR |
||
| 041 | 0 | _aspa | |
| 082 |
_a330.0986 / _223 _bL864i |
||
| 100 | 1 |
_aLopez Garavito, Luis Fernando, _eautor _94743 |
|
| 245 | 1 | 0 |
_aPensamiento económico y fiscal colombiano / _cLuis Fernando Lopez Garavito |
| 260 |
_aBogotá : _bUniversidad Externado de Colombia, _c1998 |
||
| 300 |
_a535 páginas : _bgráficos a blanco y negro ; _c24 cm. |
||
| 504 | _aBibliografía: páginas 517-535. | ||
| 505 | _aLa situación inicial (1901-1905) -- La política fiscal de Rafael Reyes -- La política fiscal después de la administración Reyes 1909-1914 -- Política fiscal colombiana durante la primera Guerra mundial 1914-1918 | ||
| 650 | 1 | 4 |
_aHistoria económica _zColombia _94744 |
| 650 | 2 | 4 |
_aPolítica fiscal _xHistoria _zColombia _94745 |
| 650 | 2 | 4 |
_aPolítica económica _xHacienda pública _zColombia _94746 |
| 942 |
_2ddc _cBK |
||